Tính toán các công trình xử lý và phân phối nước cấp

Nhằm cung cấp thông tin cho các kỹ sư thiết kế và quản lý hệ thống cung cấp nước. Nội dung sách tập trung vào các vấn đề lựa chọn, xây dựng đường ống nhằm cung cấp nước sạch v.v.. bằng các phương pháp tiến bộ của khoa học kỹ thuật...

全面介紹

Đã lưu trong:
書目詳細資料
主要作者: Trịnh, Xuân Lai
格式: 圖書
語言:Undetermined
出版: Hà Nội Xây dựng 2008
主題:
標簽: 添加標簽
沒有標簽, 成為第一個標記此記錄!
Thư viện lưu trữ: Trung tâm Học liệu Trường Đại học Cần Thơ
LEADER 01061nam a2200217Ia 4500
001 CTU_168997
008 210402s9999 xx 000 0 und d
020 |c 80000 
082 |a 628.13 
082 |b L103 
100 |a Trịnh, Xuân Lai 
245 0 |a Tính toán các công trình xử lý và phân phối nước cấp 
245 0 |c Trịnh Xuân Lai 
260 |a Hà Nội 
260 |b Xây dựng 
260 |c 2008 
520 |a Nhằm cung cấp thông tin cho các kỹ sư thiết kế và quản lý hệ thống cung cấp nước. Nội dung sách tập trung vào các vấn đề lựa chọn, xây dựng đường ống nhằm cung cấp nước sạch v.v.. bằng các phương pháp tiến bộ của khoa học kỹ thuật 
650 |a Kỹ thuật cung cấp nước,Water-supply engineering,Nước,Water 
650 |x Lưu trữ,Storage 
904 |i Trọng Hiếu 
980 |a Trung tâm Học liệu Trường Đại học Cần Thơ